00681 a2200181 45000010006000000050017000060080041000230030015000640400040000790800128001192450092002470200022003392640057003613000019004180410008004371000022004457000032004676318220260407155927.0260407a2005 arg spa dAR-UNSa-BCEJYS aAR-UNSa-BCEJYSbspacAR-UNSa-BCEJYS a316.421:339.9xOrigen de las sociedades globales y estructura social, económico, político y cultural (Globalización) 10aLa globalización y la agenda argentina de comercio exteriorpEvolución y desafíos a978-987-1171-28-6 1aBahía Blanca :bUniversidad Nacional del Surc2005 a148 p.c21 cm. aspa1 aSchmidt, Gabriela1 aGutiérrez, Ricardo Raúl